000 00577nam a2200229Ia 4500
003 OSt
005 20220924143558.0
006 a|||||r|||| 00| 0
007 ta
008 220923b |||||||| |||| 00| 0 urd d
024 _a309061
037 _cTextual
040 _aARTS
_cARTS
_burd
041 _2urd
_aurd
082 _aO153,2NASx, 168L2
100 _aAshfaq Ahmad
_9216358
245 0 _aTahli de the
260 _c1972
650 _aPUNJABI LITERATURE
942 _hO153,2NASx, 168L2
_cTEXL
_2CC
999 _c455064
_d455064